Les grandes catastrophes aériennes ayant fait plus de 250 morts - Statistiques

Statistiques générales
  • Ce quiz a été pris 28 fois
  • Le résultat moyen est 3 sur 19
Statistiques - réponses
Hint Réponse % Correct
Etats-Unis / Attentat / 2500 + / 11 septembre 2001
82%
Ukraine / Abattu / 298 + / 17 juillet 2014
41%
Japon / Décrochage / 264 + / 26 avril 1994
18%
Antarctique / Erreur de pilotage / 257 + / 28 novembre 1979
14%
Etats-Unis / Panne mécanique / 265 + / 12 novembre 2001
14%
Iran / Erreur de pilotage / 275 + / 19 février 2003
14%
France / Dépressurisation / 346 + / 3 mars 1974
9%
Espagne / Collision / 583 + / 27 mars 1977
9%
Russie / Abattu / 269 + / 1er septembre 1983
9%
Japon / Dépressurisation / 520 + / 12 août 1985
9%
Canada / Givrage / 256 + / 12 décembre 1985
9%
Royaume-Uni / Attentat / 270 + / 21 décembre 1988
9%
Iran / Abattu / 290 + / 3 juillet 1988
9%
Arabie Saoudite / Incendie / 261 + / 11 juillet 1991
9%
Etats-Unis / Panne mécanique / 273 + / 25 mai 1979
5%
Arabie saoudite / Incendie / 301 + / 19 août 1980
5%
Algérie / ? / 257 + / 11 avril 2018
5%
Irlande / Attentat / 329 + / 23 juin 1985
0%
Inde / Collision / 349 + / 12 novembre 1996
0%
Aucun quiz correspondant
Distribution des résultats
% des personnes avec chaque résultat
Percentile par nombre de réponses
Votre historique - résultats
Vous n’avez pas pris ce quiz